000 00760nam a2200205Ia 4500
003 GCL
008 140319s9999 xx 000 0 ara d
040 _aGCL /
_cGCL
082 0 4 _a327.62069
_bر و
100 1 _aرفعت سيد احمد
245 1 0 _aوصف مصر بالعبرى : تفاصيل الاختراق الاسرائيلى للعقل المصرى /
_cرفعت سيد احمد
300 _a152 ص
490 _aالهيئة العامة للاستعلامات
_v0
650 0 4 _aاسرائيل
650 0 4 _aالاحوال الثقافية
650 0 4 _aاسرائيل - العلاقات الثقافية
650 0 4 _aمصر - العلاقات الثقافية
650 0 4 _aالتطبيع \ التبادل الثقافى
942 _2ddc
_cBK
999 _c48114
_d48114